| 000 | 00000nam##2200000za#4500 |
| 001 | 9.583336 |
| 003 | CaOODSP |
| 005 | 20210624192541 |
| 007 | cr ||||||||||| |
| 008 | 150406|2009||||xxc|||||o f|0| 0 fre|d |
| 020 | |a978-0-662-06255-4 |
| 022 | |a1915-8858 |
| 040 | |aCaOODSP|bfre |
| 041 | |aeng |
| 041 | |afre |
| 043 | |an-cn--- |
| 086 | 1 |aM116-2/041P11-PDF |
| 110 | 1 |aCanada.|bRessources naturelles Canada. |bCentre d'information topographique. |
| 245 | 10|aShinning Tree, Ontario |h[ressource électronique] |
| 250 | |aÉd. 04, version 00 |
| 255 | |aÉchelle 1:50,000 |
| 260 | |aOttawa - Ontario : |bRessources naturelles Canada. |c2009. |
| 300 | |a1p.|bcarte en couleur |
| 490 | 1 |aCartes topographiques du Canada |x1915-8858|v41-P/11 |
| 500 | |aSérie A751. Comprend une légende. |
| 590 | |a11-03-Supp|b2011-02-16 |
| 776 | 0#|tShining Tree, Ontario |w(CaOODSP)9.547160 |
| 791 | |tShinning Tree, Ontario |eeng|w(CaOODSP)9.583335 |
| 830 | #0|aCartes topographiques du Canada,|x1915-8858|v41-P/11|w(CaOODSP)9.500294 |
| 856 | 40|ahttp://publications.gc.ca|qPDF|s4485 Ko|u https://publications.gc.ca/collections/collection_2010/nrcan/topo/M116-2-041P11.pdf|y41-P/11 |